Đầu tư trực tiếp nước ngoài vào bất động sản và bất ổn kinh tế vĩ mô ở Việt Nam : Sách chuyên khảo
Nội dungsách giới thiệu về việc đầu tư trực tiếp nước ngoài vào bất động sản và bất ổn kinh tế vĩ mô. Đầu tư trực tiếp nước ngoài vào bất động sản và bất ổn kinh tế vĩ mô ở Việt Nam và giải pháp thu hút, quản lý đầu tư trự...
Gardado en:
| Autor Principal: | |
|---|---|
| Formato: | Libro |
| Idioma: | Undetermined |
| Publicado: |
Hà Nội
Khoa Học
2015
|
| Những chủ đề: | |
| Các nhãn: |
Engadir etiqueta
Sen Etiquetas, Sexa o primeiro en etiquetar este rexistro!
|
| Thư viện lưu trữ: | Trung tâm Học liệu Trường Đại học Cần Thơ |
|---|
| LEADER | 01285nam a2200205Ia 4500 | ||
|---|---|---|---|
| 001 | CTU_216041 | ||
| 008 | 210402s9999 xx 000 0 und d | ||
| 082 | |a 332.6324 | ||
| 082 | |b H452 | ||
| 100 | |a Lê, Quốc Hội | ||
| 245 | 0 | |a Đầu tư trực tiếp nước ngoài vào bất động sản và bất ổn kinh tế vĩ mô ở Việt Nam : | |
| 245 | 0 | |b Sách chuyên khảo | |
| 245 | 0 | |c Lê Quốc Hội | |
| 260 | |a Hà Nội | ||
| 260 | |b Khoa Học | ||
| 260 | |c 2015 | ||
| 520 | |a Nội dungsách giới thiệu về việc đầu tư trực tiếp nước ngoài vào bất động sản và bất ổn kinh tế vĩ mô. Đầu tư trực tiếp nước ngoài vào bất động sản và bất ổn kinh tế vĩ mô ở Việt Nam và giải pháp thu hút, quản lý đầu tư trực tiếp nước ngoài vào bất động sản nhằm ổn định kinh tế vĩ mô ở Việt Nam. | ||
| 650 | |a Real estate investment,Real estate management,Đầu tư bất động sản,Quản lý bất động sản | ||
| 904 | |i Qhieu - Linh, Sương | ||
| 980 | |a Trung tâm Học liệu Trường Đại học Cần Thơ | ||